Gender lens to the future of work (Record no. 514551)

000 -LEADER
fixed length control field 01358nam a22001457a 4500
008 - FIXED-LENGTH DATA ELEMENTS--GENERAL INFORMATION
fixed length control field 201112b ||||| |||| 00| 0 eng d
100 ## - MAIN ENTRY--PERSONAL NAME
Personal name Jivani, Anita I.
245 ## - TITLE STATEMENT
Title Gender lens to the future of work
260 ## - PUBLICATION, DISTRIBUTION, ETC. (IMPRINT)
Place of publication, distribution, etc Daedalus: Journal of the American Academy of Arts and Science
300 ## - PHYSICAL DESCRIPTION
Extent 149(1), Winter, 2020: p.134-143
520 ## - SUMMARY, ETC.
Summary, etc Acquiring new skills will be foundational to surviving in and leading in the workplace of the future. Organizations must make concerted efforts in upskilling women to maintain high levels of productivity and growth. This acquisition of new skills will help women make the transition into new jobs that will be necessary due to automation and today’s workplace realities. Without it, the workplace could become even more unbalanced than it is today. Further, today’s gaps need to be filled in a
holistic manner to ensure that not only are tomorrow’s technologies created by a diverse group of people, but also that they are
Implemented in a human-centered manner that aligns with the original intention. The private sector has a vital role to play in preparing the workforce that it will need and should prototype holistic solutions to help respond to this critical need.
773 ## - HOST ITEM ENTRY
Main entry heading Daedalus: Journal of the American Academy of Arts and Science
906 ## - LOCAL DATA ELEMENT F, LDF (RLIN)
Subject DIP WOMEN - EMPLOYMENT
942 ## - ADDED ENTRY ELEMENTS (KOHA)
Item type Articles
Holdings
Withdrawn status Lost status Source of classification or shelving scheme Damaged status Not for loan Permanent location Current location Date acquired Serial Enumeration / chronology Barcode Date last seen Koha item type
          Indian Institute of Public Administration Indian Institute of Public Administration 2020-11-12 149(1), Winter, 2020: p.134-143 AR123544 2020-11-12 Articles

Powered by Koha